| 000 | 00403nam a22001697a 4500 | ||
|---|---|---|---|
| 003 | NUST | ||
| 020 | _a 9780074630488 | ||
| 038 | _aKhadija | ||
| 082 |
_a681.283 _bBOV |
||
| 100 |
_aBouwens, A. J. _986958 |
||
| 245 |
_aDigital Instrumentation / _cA.J. Bouwens |
||
| 260 |
_aNew Delhi : _bMcGraw Hill, _c2014. |
||
| 300 |
_a339 p. ; _b22 cm. |
||
| 500 | _aPaperback. | ||
| 563 | _aPB | ||
| 942 |
_cBK _2ddc |
||
| 999 |
_c33718 _d33718 |
||